La doctrine politique de Saint Thomas d'Aquin
Guardat en:
| Autor principal: | |
|---|---|
| Format: | Llibre |
| Idioma: | francès |
| Publicat: |
París
Marcel Riviére
1928
|
| Matèries: | |
| Etiquetes: |
Afegir etiqueta
Sense etiquetes, Sigues el primer a etiquetar aquest registre!
|
MARC
| LEADER | 00000nam a2200000 a 4500 | ||
|---|---|---|---|
| 001 | UCZ4228 | ||
| 003 | CL-VaPUC | ||
| 008 | 951106e19280000FR |||||||||||||||||fre|d | ||
| 082 | 0 | 4 | |a 189.4 |b ROL |2 21 |
| 100 | 0 | |a Roland Gossellin, Bernard |e author |9 348209 | |
| 245 | 1 | 3 | |a La doctrine politique de Saint Thomas d'Aquin |
| 300 | |a 165 p | ||
| 942 | |c BK | ||
| 945 | |d 19951106 00:00:00 |a cmena | ||
| 260 | |a París |b Marcel Riviére |c 1928 | ||
| 650 | 0 | |a Escolasticismo |9 264998 | |
| 650 | 0 | |a Tomismo |9 259214 | |
| 650 | 0 | |a Política |9 255312 | |
| 650 | 0 | |a Doctrinas políticas |9 255835 | |
| 650 | 0 | |a Ideologías |9 255200 | |
| 650 | 0 | |a Ética |9 255099 | |
| 650 | 0 | |a Justicia |9 255408 | |
| 650 | 0 | |a Estado |9 255503 | |
| 583 | |a last modification |c 19951106 00:00:00 |k Rodrigo Vera | ||
| 999 | |c 240644 |d 240642 | ||
| 952 | |0 0 |1 0 |4 0 |6 189_400000000000000_ROL_1928 |7 0 |8 P |9 252621 |a BIBEDU |b BIBEDU |c BIBEDU_PB |d 2019-11-18 |i 1594206 |o 189.4 ROL 1928 |p 1594206 |r 2024-01-25 |w 2019-11-18 |y BK |k FIL | ||